000
00228 a2200097 4500
001
41209
100
_a
Kolarz, W
245
_a
The peoples of the soviet for east
260
_a
N.Y
_b
Frederick A Praeger
_c
090
_c
25430
_d
25430
942
_a
NUST-CAE
_c
M
_c
17148
999
_c
276282
_d
276282